000
00303nam a22001217a 4500
082
_a
823
_b
DEP/M
100
_a
DEPT OF EDUCATION, GOVT OF KERALA
245
_a
MALAYALAM VENNAKALLINTE KADHA
260
_a
TRIVANDRUM
_b
SIET KERALA
300
_b
MALAYALAM VCD
650
_a
MALAYALAM VCD
_z
KERALA
942
_c
BK
999
_c
7965
_d
7965